000 00572nam a2200205Ia 4500
005 20260415160322.0
008 008 250505s9999 xx 000 0 eng d
037 _aTextual
040 _aFEDL
_beng
_cFEDL
041 _aeng
_2eng
084 _a100 FRO
_qFEDL
100 _aFrost S E
245 0 _aBasic teachings of the great philosophers
260 _aNew York, USA
_bBarnes and Noble
_c1942
300 _axvii, 314p.
490 _aEvery day handbook
650 _aPhilosophy
942 _cTEXL
_h100 FRO
999 _c1321618
_d1321618